Luma' al-adillah fī qawā'id 'aqā'id ahl al-sunnah wa-al-jamā'ah

محفوظ في:

المؤلف الرئيسي: Fawqīyah Maḥmūd. Ḥusayn,.

التنسيق: كتاب

اللغة: Undetermined

منشور في: Cairo : aldaar almisria , 1966.

الوسوم: إضافة وسم

لا توجد وسوم, كن أول من يضع وسما على هذه التسجيلة!

رقم الطلب: BP166 .I58

LEADER 00400nam a2200121Ia 4500
008 240329s9999||||xx |||||||||||||| ||und||
050 4 |a BP166 .I58 
100 1 |a Fawqīyah Maḥmūd. Ḥusayn,. 
245 1 0 |a Luma' al-adillah fī qawā'id 'aqā'id ahl al-sunnah wa-al-jamā'ah  |c Fawqīyah Maḥmūd. Ḥusayn, 
264 1 |a Cairo :  |b aldaar almisria ,  |c 1966. 
300 |a 160  |c 24 cm 
942 |2 lcc  |c BK 
999 |c 57686  |d 57686